01727nam a2200277 i 4500001001900000003000600019005001700025008004100042020001800083035002100101035002600122040002700148041000800175050002600183100002800209245004400237250002400281260004500305300002900350500002800379504005100407520090800458650002901366650002701395700002701422991027408410907026UkOxU20251110185001.0220812s2025 enk b 001|0 eng d a9780198903840 a(UkOxU)023098337 a(UkOxU)023098337BIB01 aUkOxUbengerdacUkOxU aeng aKF1415 b.ZC2L65 2012 aDignam, Alan J.eauthor10aCompany lawc/ Alan Dignam, John Lowry. aThirteenth edition. aOxford :bOxford University Press,c2025 alvii, 515 pages ;c25 cm aPrevious edition: 2022. aIncludes bibliographical references and index. aCompany Law gives a clear and authoritative account of the law, including key principles and valuable coverage of corporate governance and theory, as well as current debates surrounding these areas Condenses an extremely complex subject and focuses on core principles helping students to understand the subject without compromising on academic integrity; Includes analysis of corporate theory, offering students a broader contextual understanding of the evolving law; Includes a strong pedagogical structure with: chapter introductions - enabling students to orientate themselves within the various aspects of company law; further reading - providing avenues for further study; and self-test questions - reinforcing learning, supporting revision, and assisting with examination recall; Also available as an e-book with functionality, navigation features, and links that offer extra learning support. 0aCorporation lawzEngland 0aCorporation lawzWales aLowry, John P.eauthor